00550 2200205 4500001002100000008004100021035002000062245004500082100002100127260003800148300001200186020001900198084001600217082000800233650002100241990001900262990002100281990002100302990002100323INLIS000000000001407 ind  a0010-0724001407 aBerkreasi Di Hari LiburcMariany Solicha aSolicha, Mariany aSurabaya :bInsan Cendekia,c2008 a28 hlm. a2-59-2-08-0084 a745.5 MAR b a745 aKerajinan Tangan aP29/CP/24/1407 aP29/CP/24/1407.1 aP29/CP/24/1407.2 aP29/CP/24/1407.3